000 01266 a2200217 4500
001 39538
005 20260407155653.0
008 260407a1973 arg spa d
003 AR-UNSa-BCEJYS
040 _aAR-UNSa-BCEJYS
_bspa
_cAR-UNSa-BCEJYS
080 _a658.012.32
_xFormas de organización, de gestión
245 1 0 _aEl modelo de cuadro organizacional Grid
264 1 _aMéxico :
_bCentro Regional de Ayuda Técnica
_c1973
300 _a133 p.
_c21 cm.
505 _a1.El triple desarrollo de revolución, evolución y desarrollo sistemático - 2. Condiciones para un desarrollo sistemático - 3. El título de excelencia empresarial - 4. Qué es la excelencia a nivel empresarial - 5. Qué es la excelencia en la dirección de la empresa - 6. Los recursos humanos.Fuentes de energía organizacional - 7. Aprendizaje de la dinámica del comportamiento - 8. Reducción de las trabas para el avance cultural - 9. Diseño de las trabas para el avance cultural - 9. Diseño de un modelo ideal estratégico - 10. Explotación del potencial de empuje - 11. El desarrollo organizacion Grid en perspectiva.
942 _cBK
590 _aniveau_biblio:m niveau_hierar:0
100 1 _aLopera, Jaime
700 1 _aBlake, Robert R.
700 1 _aMouton, Jane Spygley
999 _c3066
_d3066